000 00906nam a2200277Ia 4500
005 20220316235316.0
008 121119s2003 ck gr 000 0 spa
020 _a9580443920
041 0 _aspa
100 1 _aVasco, Irene,
_d1952-
245 1 0 _aCambio de voz
_cIrene Vasco
250 _aDécima tercera reimpresión
264 1 _aBogotá
_bNorma
_c2003
300 _a70 páginas
336 _atexto
_btxt
_2rdacontent
337 _asin mediación
_bn
_2rdamedia
338 _avolumen
_bnc
_2rdacarrier
490 0 _aZona libre
505 0 _a1.El péndulo de Sofía -- 2.Casa por cárcel -- 3.Tres horas bastan y sobran -- 4.Tea for two -- 5.Cortina de humo -- 6.Piso 29.
650 1 4 _2LEMB
_aLiteratura juvenil
650 1 4 _2LEMB
_aCuentos colombianos
_ySiglo XX
650 1 4 _2LEMB
_aProblemas sociales
_ySiglo XX
942 _2loc
_cBK
040 _aCO-BoRNBP
_bspa
_erda
_cCO-BoRNBP
084 _aC VAS1
999 _c561
_d561